Nadežnost' programmnogo obespečenija analiz krupnomasštabnych razrabotok

Guardado en:
Detalles Bibliográficos
Autor principal: Thyer, Thomas A.
Otros Autores: Lipow, Myron, Nelson, Eldred C.
Formato: Libro
Lenguaje:ruso
Publicado: Moskva Mir 1981
Etiquetas: Agregar Etiqueta
Sin Etiquetas, Sea el primero en etiquetar este registro!

MARC

LEADER 00000nam a2200000 4500
001 c129154
005 20231103121803.5
041 0 |a rus 
044 |a RU 
245 1 0 |a Nadežnost' programmnogo obespečenija  |b analiz krupnomasštabnych razrabotok  |c Thomas A. Thyer, Myron Lipow and Eldred C. Nelson 
264 1 |a Moskva  |b Mir  |c 1981 
300 |a 323 s. 
100 1 |a Thyer, Thomas A. 
700 1 |a Lipow, Myron 
700 1 |a Nelson, Eldred C.